Central Banking Challenges Posed by Uncertain Climate Change and Natural Disasters

Klimatické zmeny predstavujú dôležitú politickú výzvu pre vlády na celom svete. Výzva je o to ťažšia, že do určovania politiky na celom svete je zapojených množstvo potenciálnych tvorcov politiky. Aká by potom mala byť úloha centrálnych bánk? Snaha, aby si centrálne banky zachovali svoju dôveryhodno...

Ausführliche Beschreibung

Gespeichert in:
Bibliographische Detailangaben
1. Verfasser: Hansen, Lars Peter
Format: Buchkapitel
Sprache:Englisch
Schlagworte:
Tags: Tag hinzufügen
Keine Tags, Fügen Sie das erste Tag hinzu!

MARC

LEADER 00000naa a2200000 4500
001 0282833
005 20220323094707.8
041 0 |a eng 
044 |a NL 
245 1 0 |a Central Banking Challenges Posed by Uncertain Climate Change and Natural Disasters  |c Lars Peter Hansen 
520 |a Klimatické zmeny predstavujú dôležitú politickú výzvu pre vlády na celom svete. Výzva je o to ťažšia, že do určovania politiky na celom svete je zapojených množstvo potenciálnych tvorcov politiky. Aká by potom mala byť úloha centrálnych bánk? Snaha, aby si centrálne banky zachovali svoju dôveryhodnosť a dôležitú vzdialenosť od politickej arény. Systémové riziko, zmena klímy, prírodné katastrofy a ich možný vplyv na nestabilitu v bankovom sektore. 
610 2 0 |a banky centrálne 
610 2 0 |a zmeny klimatické 
610 2 0 |a politika medzinárodná 
610 2 0 |a stabilita finančná 
610 2 0 |a modely 
610 2 0 |a testovanie stresové 
610 2 0 |a politika fiškálna 
610 2 0 |a politika menová 
100 1 |a Hansen, Lars Peter